000 00439nam a2200133Ia 4500
005 20260326100031.0
008 260326s9999||||xx |||||||||||||| ||und||
100 _aDepartamento Nacional de Planeación
245 0 _aCiudades Dentro de la Ciudad :
_b La política Urbana y el Plan de Desarrollo en Colombia /
_cDepartamento Nacional de Planeación
260 _bTercer Mundo Editores
300 _a121 p.
650 _aURBANISMO
942 _cBK
999 _c6599
_d6599